Ekonomické prínosy e-Govermentu diplomová práca

Salvato in:
Dettagli Bibliografici
Autore principale: Kadrljaková, Martina
Ente Autore: Obchodná fakulta EU. Katedra služieb a cestovného ruchu - zrušené
Altri autori: Fodranová, Iveta, 1959-
Natura: Libro
Lingua:slovacco
Pubblicazione: Bratislava 2014
Tags: Aggiungi Tag
Nessun Tag, puoi essere il primo ad aggiungerne!!

MARC

LEADER 00000nbm a2200000 4500
001 0186196
005 20170201095311.6
041 0 |a slo 
044 |a SK 
245 1 0 |a Ekonomické prínosy e-Govermentu  |b diplomová práca  |c Martina Kadrljaková ; školiteľ: Iveta Fodranová 
264 1 |a Bratislava  |c 2014 
300 |a 56 s. 
100 1 |a Kadrljaková, Martina 
700 1 |a Fodranová, Iveta, 1959- 
710 2 |a Obchodná fakulta EU. Katedra služieb a cestovného ruchu - zrušené